Marketing / (Record no. 20667)

MARC details
000 -LEADER
fixed length control field 01004nam a2200277 a 4500
005 - DATE AND TIME OF LATEST TRANSACTION
control field 20061016125427.0
008 - FIXED-LENGTH DATA ELEMENTS--GENERAL INFORMATION
fixed length control field 060626s2005 enka b 001 0 eng d
010 ## - LCCN (DPL NO)
LC control number ENG-92375
020 ## - INTERNATIONAL STANDARD BOOK NUMBER
International Standard Book Number 9788180522987
Terms of availability 895.00
020 ## - INTERNATIONAL STANDARD BOOK NUMBER
International Standard Book Number 8180522989
Terms of availability 895.00
035 ## - SYSTEM CONTROL NUMBER
System control number EN-75908
037 ## - SOURCE OF ACQUISITION
Source of stock number/acquisition DBAD / PUB
040 ## - CATALOGING SOURCE
Original cataloging agency dpl
Language of cataloging English
082 ## - DEWEY DECIMAL CLASSIFICATION NUMBER
Classification number 658.8
100 ## - MAIN ENTRY--PERSONAL NAME
Personal name Gilliland, Debbie.
245 ## - TITLE STATEMENT
Title Marketing /
Statement of responsibility, etc by Debbie Gilliland.
260 ## - PUBLICATION, DISTRIBUTION, ETC. (IMPRINT)
Place of publication, distribution, etc New Delhi
Name of publisher, distributor, etc Ane Books
Date of publication, distribution, etc 2009(repr.).
270 ## - ADDRESS
Address 4821, Parwana Bhawan, Ist Floor, 24, Ansari Road, Daryaganj,
City New Delhi
Postal code 110002
300 ## - PHYSICAL DESCRIPTION
Extent v, 406 p.
Dimensions 24 cm (Hb)
500 ## - GENERAL NOTE
General note Includes bibliographical references and index.
650 ## - SUBJECT ADDED ENTRY--TOPICAL TERM
Topical term or geographic name as entry element Marketing.
650 ## - SUBJECT ADDED ENTRY--TOPICAL TERM
Topical term or geographic name as entry element Marketing
General subdivision Management.
651 ## - SUBJECT ADDED ENTRY--GEOGRAPHIC NAME
Geographic name Canterbury
942 ## - ADDED ENTRY ELEMENTS (KOHA)
Source of classification or shelving scheme Dewey Decimal Classification
Item type English Books
Classification part 658.8
Call number suffix GIL
Holdings
Withdrawn status Lost status Source of classification or shelving scheme Damaged status Not for loan Collection code Home library Current library Date acquired Source of acquisition Cost, normal purchase price Total Checkouts Full call number Barcode Date last seen Copy number Cost, replacement price Koha item type
    Dewey Decimal Classification   Not For Loan Non-fiction D.B.Act.Division Bawana 07/01/2009 DBAD / PUB 895.00   658.8 GIL EN-75908 07/01/2009 1 895.00 English Books

© Delhi Public Library
Hit Counter
free hit counter